000 00455nam a2200181Ia 4500
005 20240823005050.0
008 240823s9999||||xx |||||||||||||| ||und||
041 _aENGLISH
082 _A004.77 N4
100 _aManohar Lotia
245 0 _aModern Computer SMPS circuits and Fault finding
250 _a1st
260 _c1994
_b"BPB,New Delhi"
500 _aTRANSFERED
650 _aCircuits
_bComputer Applications
942 _cBK
999 _c154640
_d154640